<?xml version="1.0" encoding="UTF-8"?>
<marc:record xmlns:marc="http://www.loc.gov/MARC21/slim">
   <marc:leader>00000nam a2200000 a 4500</marc:leader>
   <marc:datafield ind1="1" ind2=" " tag="100">
      <marc:subfield code="a">Brater, Jürgen</marc:subfield>
      <marc:subfield code="4">aut</marc:subfield>
      <marc:subfield code="e">Verfasser/-in</marc:subfield>
   </marc:datafield>
   <marc:datafield ind1=" " ind2=" " tag="653">
      <marc:subfield code="a">Tiere</marc:subfield>
   </marc:datafield>
   <marc:datafield ind1=" " ind2=" " tag="653">
      <marc:subfield code="a">Wasser</marc:subfield>
   </marc:datafield>
   <marc:datafield ind1=" " ind2=" " tag="653">
      <marc:subfield code="a">Ritter</marc:subfield>
   </marc:datafield>
   <marc:datafield ind1=" " ind2=" " tag="653">
      <marc:subfield code="a">Comics</marc:subfield>
   </marc:datafield>
   <marc:datafield ind1=" " ind2=" " tag="653">
      <marc:subfield code="a">Körper</marc:subfield>
   </marc:datafield>
   <marc:datafield ind1=" " ind2=" " tag="653">
      <marc:subfield code="a">Alltag</marc:subfield>
   </marc:datafield>
   <marc:datafield ind1=" " ind2=" " tag="653">
      <marc:subfield code="a">Naturwissenschaft</marc:subfield>
   </marc:datafield>
   <marc:datafield ind1=" " ind2=" " tag="653">
      <marc:subfield code="a">Umwelt</marc:subfield>
   </marc:datafield>
   <marc:datafield ind1="0" ind2="0" tag="245">
      <marc:subfield code="a">Was macht der U-Bahn-Fahrer, wenn er auf Toilette muss?</marc:subfield>
   </marc:datafield>
   <marc:datafield ind1="0" ind2="0" tag="245">
      <marc:subfield code="b">66 blitzgescheite Fragen rund um Alltag, Menschen &amp; Tiere</marc:subfield>
   </marc:datafield>
   <marc:datafield ind1=" " ind2="1" tag="264">
      <marc:subfield code="b">Beltz Verlag</marc:subfield>
      <marc:subfield code="c">2012</marc:subfield>
   </marc:datafield>
   <marc:datafield ind1="1" ind2=" " tag="520">
      <marc:subfield code="a">66 mehr oder weniger vernünftige Fragen rund um Alltag, Menschen und Tiere. (ab 9) (JV) Eine Behauptung des Buches lässt aufhorchen: Alle Ameisen wiegen etwa gleich viel wie die sieben Milliarden Menschen, die derzeit die Erde bevölkern! In sieben Großkapiteln werden hier Fragen gestellt, die zu erstaunlichen Einsichten über Tiere, Umwelt oder etwa das Wasser führen. Es gibt aber auch ein Kapitel über kuriose Redewendungen und eines über Comics und Ritter. Warum Donald Duck keine Hosen anhat oder ob eine Ritterrüstung im Regen rostet, gehört wohl eher zur Kategorie der selten gestellten Fragen. Das Buch ist reich bebildert und sehr ansprechend aufgemacht. Jede Doppelseite bringt eine neue überraschende Antwort. Auf diese Weise wird der Lesehunger angefacht: ein idealer Einstieg in unterschiedlichste Sachthemen zum Blättern und Schmökern.</marc:subfield>
   </marc:datafield>
   <marc:datafield ind1=" " ind2=" " tag="020">
      <marc:subfield code="a">9783407753649</marc:subfield>
      <marc:subfield code="9">9783407753649</marc:subfield>
   </marc:datafield>
</marc:record>
